| 000 | 00595nam a2200181Ia 4500 | ||
|---|---|---|---|
| 008 | 151018s9999 xx 000 0 und d | ||
| 082 |
_bRBASDV63241 _a891.463 |
||
| 100 | _aवृषाली कुलकर्णी | ||
| 245 | _aरवि रजनी | ||
| 250 | _b1 | ||
| 260 |
_b"गवळी प्रकाशन, इस्लामपूर" _c2013 |
||
| 300 | _a80 | ||
| 600 | _aवृषाली कुलकर्णी | ||
| 630 | _aरवि रजनी | ||
| 700 | _aवृषाली कुलकर्णी | ||
| 730 | _aरवि रजनी | ||
| 942 | _cBOOK | ||
| 999 |
_c1055584 _d1055581 |
||